Detalles MARC
| 000 -CABECERA |
| Longitud fija campo de control |
02538nam a2200505 c 4500 |
| 001 - NÚMERO DE CONTROL |
| Número de control |
17366 |
| 003 - IDENTIFICADOR DE NÚMERO DE CONTROL |
| Identificador del número de control |
ES-MaCES |
| 005 - FECHA Y HORA DE LA ÚLTIMA TRANSACCIÓN |
| Fecha y hora de la última transacción |
20141221122457.0 |
| 008 - CAMPO FIJO DE DESCRIPCIÓN FIJA--INFORMACIÓN GENERAL |
| Códigos de información de longitud fija |
050315s2004 sp d t 100 | spa d |
| 017 ## - NÚMERO DE REGISTRO DE DERECHOS DE AUTOR Y DEPÓSITO LEGAL |
| Número de copyright o de depósito legal |
M 49835-2004 |
| Agencia que asigna el número |
DL |
| 020 ## - ISBN (INTERNATIONAL STANDARD BOOK NUMBER) |
| Número Internacional Normalizado para Libros (ISBN) |
849342000X |
| 035 ## - NÚMERO DE CONTROL DEL SISTEMA |
| Número de control del sistema |
CES20050002316m |
| 040 ## - FUENTE DE CATALOGACIÓN |
| Centro catalogador de origen |
ES-MaCES |
| Lengua de catalogación |
spa |
| Centro transcriptor |
ES-MaCES |
| 245 03 - MENCIÓN DE TÍTULO |
| Título |
La conciliación entre el trabajo y la familia |
| Resto del título |
: un análisis del empleo en la Comunidad de Madrid |
| Mención de responsabilidad, etc. |
Santiago García Echevarría ... [et al.] ; directores, Juan Antonio Sagardoy Bengoechea, Carlos de la Torre García |
| 250 ## - MENCIÓN DE EDICIÓN |
| Mención de edición |
1ª ed |
| 260 ## - PUBLICACIÓN, DISTRIBUCIÓN, ETC (PIE DE IMPRENTA) |
| Lugar de publicación, distribución, etc. |
Madrid |
| Nombre del editor, distribuidor, etc. |
Cinca |
| Fecha de publicación, distribución, etc. |
2004 |
| 300 ## - DESCRIPCIÓN FÍSICA |
| Extensión |
255 p. |
| Dimensiones |
24 cm |
| 490 0# - MENCIÓN DE SERIE |
| Mención de serie |
Colección estudios laborales |
| 500 ## - NOTA GENERAL |
| Nota general |
Recoge el contenido de las Jornadas sobre Empleo en la Comunidad de Madrid y la Conciliación Trabajo-Familia, celebradas los días 28 y 29 de junio de 2004 en el Casino de Madrid, organizadas por la Fundación Sagardoy y bajo el patrocinio de la Consejería de Empleo y Mujer de la Comunidad de Madrid |
| 500 ## - NOTA GENERAL |
| Nota general |
Incluye (p. 177-240): Informe 2004 del Observatorio de la Fundación Sagardoy sobre conciliación trabajo-familia, la conciliación de la vida laboral y familiar en la negociación colectiva en la Comunidad de Madrid |
| 504 ## - NOTA DE BIBLIOGRAFÍA, ETC. |
| Nota de bibliografía, etc. |
Bibliografía: p. 244-252 |
| 541 ## - NOTA DE LA FUENTE INMEDIANTE DE ADQUISICIÓN |
| Forma de adquisición |
Compra |
| 650 #4 - ASIENTO SECUNDARIO DE MATERIA--TÉRMINO DE MATERIA |
| Término de materia o nombre geográfico como elemento inicial |
conciliación |
| 9 (RLIN) |
27303 |
| 650 #4 - ASIENTO SECUNDARIO DE MATERIA--TÉRMINO DE MATERIA |
| Término de materia o nombre geográfico como elemento inicial |
trabajo |
| 9 (RLIN) |
28289 |
| 650 #4 - ASIENTO SECUNDARIO DE MATERIA--TÉRMINO DE MATERIA |
| Término de materia o nombre geográfico como elemento inicial |
empleo |
| 9 (RLIN) |
28299 |
| 650 #4 - ASIENTO SECUNDARIO DE MATERIA--TÉRMINO DE MATERIA |
| Término de materia o nombre geográfico como elemento inicial |
familia |
| 9 (RLIN) |
27318 |
| 650 #4 - ASIENTO SECUNDARIO DE MATERIA--TÉRMINO DE MATERIA |
| Término de materia o nombre geográfico como elemento inicial |
responsabilidades familiares |
| 9 (RLIN) |
30598 |
| 650 #4 - ASIENTO SECUNDARIO DE MATERIA--TÉRMINO DE MATERIA |
| Término de materia o nombre geográfico como elemento inicial |
legislación del trabajo |
| 9 (RLIN) |
27166 |
| 650 #4 - ASIENTO SECUNDARIO DE MATERIA--TÉRMINO DE MATERIA |
| Término de materia o nombre geográfico como elemento inicial |
política social |
| 9 (RLIN) |
27029 |
| 650 #4 - ASIENTO SECUNDARIO DE MATERIA--TÉRMINO DE MATERIA |
| Término de materia o nombre geográfico como elemento inicial |
cambio social |
| 9 (RLIN) |
27286 |
| 650 #4 - ASIENTO SECUNDARIO DE MATERIA--TÉRMINO DE MATERIA |
| Término de materia o nombre geográfico como elemento inicial |
Madrid (Comunidad Autónoma) |
| 9 (RLIN) |
30777 |
| 650 #4 - ASIENTO SECUNDARIO DE MATERIA--TÉRMINO DE MATERIA |
| Término de materia o nombre geográfico como elemento inicial |
conferencia |
| 9 (RLIN) |
27013 |
| 653 10 - TÉRMINO DE INDEXACIÓN--NO CONTROLADO |
| Término no controlado |
Empleo |
| 700 1# - ENCABEZAMIENTO SECUNDARIO--NOMBRE PERSONAL |
| Nombre de persona |
García Echevarría, Santiago |
| 9 (RLIN) |
12873 |
| 700 1# - ENCABEZAMIENTO SECUNDARIO--NOMBRE PERSONAL |
| Nombre de persona |
Sagardoy Bengoechea, Juan Antonio |
| Término indicativo de función |
dir. |
| 9 (RLIN) |
23002 |
| 700 1# - ENCABEZAMIENTO SECUNDARIO--NOMBRE PERSONAL |
| Nombre de persona |
Torre García, Carlos de la |
| Término indicativo de función |
dir. |
| 9 (RLIN) |
25037 |
| 710 2# - ENCABEZAMIENTO SECUNDARIO--NOMBRE CORPORATIVO |
| Nombre de entidad o nombre de jurisdicción como elemento inicial |
Fundación Sagardoy |
| Término indicativo de función |
col. |
| 9 (RLIN) |
3901 |
| 710 1# - ENCABEZAMIENTO SECUNDARIO--NOMBRE CORPORATIVO |
| Nombre de entidad o nombre de jurisdicción como elemento inicial |
Madrid (Comunidad Autónoma) |
| Unidad subordinada |
Consejería de Economía y Empleo |
| Término indicativo de función |
col. |
| 9 (RLIN) |
4450 |
| 740 02 - ENCABEZAMIENTO SECUNDARIO--TÍTULO ANALÍTICO/RELACIONADO NO CONTROLADO |
| Título relacionado o analítico no controlado |
Informe 2004 del Observatorio de la Fundación Sagardoy sobre conciliación trabajo-familia, la conciliación de la vidad laboral y familiar en la negociación colectiva en la Comunidad de Madrid |
| 811 2# - ENCABEZAMIENTO SECUNDARIO DE COLECCIÓN--NOMBRE DE REUNIÓN |
| Nombre de congreso o nombre de jurisdicción como elemento inicial |
Jornadas sobre Empleo en la Comunidad de Madrid y la Conciliación Trabajo-Familia |
| Fecha del congreso |
2004 |
| Sede del congreso |
Madrid |
| 9 (RLIN) |
913 |
| 830 #0 - ENCABEZAMIENTO SECUNDARIO DE COLECCIÓN--TÍTULO UNIFORME |
| Título uniforme |
Colección Estudios laborales (Ediciones Cinca) |
| 9 (RLIN) |
34069 |
| 902 ## - CES. TIPO DE DOCUMENTO |
| Tipodoc (006$c Sirtex) |
LIB Libro |
| 942 ## - ELEMENTOS KOHA |
| Fuente de clasificaión o esquema |
Clasificación propia del CES |
| Koha [por defecto] tipo de item |
Monografías |
| Parte de clasificación |
2.1. |